2018 World's Largest Cities - Statistics

General Stats
  • This quiz has been taken 29 times
  • The average score is 34 of 50
Answer Stats
Population City % Correct
8,550,405 New York City
100%
37,468,302 Tokyo
100%
19,617,963 Beijing
96%
9,046,485 London
96%
21,580,827 Mexico City
92%
28,513,682 New Delhi
92%
10,900,952 Paris
92%
13,293,172 Rio De Janeiro
92%
20,076,002 Cairo
88%
10,516,927 Jakarta
88%
12,409,738 Moscow
88%
19,979,955 Mumbai
88%
14,966,530 Buenos Aires
83%
15,400,223 Karachi
83%
14,680,613 Kolkata
83%
13,482,468 Manila
83%
21,650,181 Sao Paulo
83%
25,582,138 Shanghai
83%
14,750,771 Istanbul
79%
9,963,497 Seoul
79%
10,574,409 Bogota
75%
19,578,421 Dhaka
75%
8,895,947 Tehran
75%
5,485,986 Johannesburg
71%
10,390,607 Lima
71%
19,281,188 Osaka
71%
10,156,316 Bangkok
67%
10,455,606 Chennai
67%
12,638,305 Guangzhou
67%
13,463,421 Lagos
67%
6,680,371 Santiago
67%
5,383,068 St. Petersburg
67%
6,082,425 Toronto
67%
7,563,912 Kuala Lumpur
63%
6,497,124 Madrid
63%
11,440,030 Bangalore
58%
11,738,186 Lahore
58%
13,214,790 Tianjin
54%
6,906,595 Riyadh
50%
7,680,935 Ahmedabad
46%
9,481,623 Hyderabad
46%
14,837,823 Chongqing
42%
8,813,478 Chengdu
38%
6,275,748 Pune
33%
8,175,602 Wuhan
33%
5,494,125 Barcelona
29%
11,907,836 Shenzhen
29%
6,047,600 Dar Es Salaam
25%
5,157,461 Yangon
25%
6,563,585 Surat
21%
No matching quizzes found
Score Distribution
Percent of People with Each Score
Percentile by Number Answered
Your Score History
You have not taken this quiz